000 00958nam a2200253Ia 4500
003 OSt
005 20220923224545.0
006 a|||||r|||| 00| 0
007 ta
008 220922b |||||||| |||| 00| 0 hin d
020 _c150
024 _a242,026
037 _b511, 08/03/2010, Vani Prakashan
_cTextual
040 _aARTS
_cARTS
_bhin
041 _2hin
_ahin
082 _aO152,6N292x, M4;N4
100 _aसहाय, रघुवीर; शर्मा, सुरेश, संपा.
_9159769
245 0 _aयथार्थ यथास्थिति नहीं
246 _aYathārtha yathāsthiti nahīan
260 _aनयी दिल्ली
_b वाणी प्रकाशन
_c1994
300 _a155पृ.
_ccm.
942 _hO152,6N292x, M4;N4
_cTEXL
_2CC
999 _c372193
_d372193